[Event "RD-2020-0-00164"]
[Site "LSS email"]
[Date "2020.11.14"]
[Round "?"]
[White "Zyskowski, Krzysztof"]
[Black "Piacentile, Carmine"]
[Result "1-0"]
[WhiteElo "1405"]
[BlackElo "1541"]
[PlyCount "23"]
[EventDate "2020.02.08"]
[EventType "tourn (corr)"]
[EventRounds "6"]
[EventCountry "GER"]
[SourceTitle "Corr 2022"]
[Source "ChessBase"]
[SourceDate "2021.10.24"]
[SourceVersion "1"]
[SourceVersionDate "2021.10.24"]
[SourceQuality "1"]

1. e4 e5 2. Nf3 Nf6 3. Nxe5 d6 4. Nf3 Nxe4 5. d4 d5 6. Bd3 Be7 7. 0-0 Nc6 8. Nbd2 Bf6 9. Qe2 0-0 10. Nxe4 Re8 11. Nxf6+ Qxf6 12. Qxe8# 1-0

[Event "SE-2020-0-00322"]
[Site "LSS email"]
[Date "2020.11.06"]
[Round "?"]
[White "Lonyuk, Bohdan"]
[Black "Zyskowski, Krzysztof"]
[Result "1-0"]
[WhiteElo "1329"]
[BlackElo "1375"]
[PlyCount "63"]
[EventDate "2020.09.17"]
[EventType "tourn (corr)"]
[EventRounds "6"]
[EventCountry "GER"]
[SourceTitle "Corr 2022"]
[Source "ChessBase"]
[SourceDate "2021.10.24"]
[SourceVersion "1"]
[SourceVersionDate "2021.10.24"]
[SourceQuality "1"]

1. e4 e5 2. Nf3 Nc6 3. Bc4 Nf6 4. Ng5 d5 5. exd5 Na5 6. Bb5+ c6 7. dxc6 bxc6 8. Qf3 Be7 9. Bd3 0-0 10. Nc3 h6 11. Nge4 Nd5 12. Ng3 Nb4 13. Nf5 Bg5 14. h4 Nxd3+ 15. cxd3 Be7 16. b3 Bxf5 17. Qxf5 c5 18. Bb2 Nc6 19. Kf1 Nd4 20. Qxe5 Bf6 21. Qd5 Nc2 22. Rb1 Nb4 23. Qc4 Nxd3 24. Rh3 Nxb2 25. Rxb2 Bd4 26. Rc2 Qf6 27. d3 Rae8 28. Ne4 Qe5 29. Kg1 a5 30. Re2 Qh5 31. Kf1 Re6 32. Ng3 1-0

[Event "RE-2020-0-00224"]
[Site "LSS email"]
[Date "2020.10.29"]
[Round "?"]
[White "Slavin, Pablo"]
[Black "Zyskowski, Krzysztof"]
[Result "1-0"]
[WhiteElo "1268"]
[BlackElo "1336"]
[PlyCount "43"]
[EventDate "2020.06.07"]
[EventType "tourn (corr)"]
[EventRounds "6"]
[EventCountry "GER"]
[SourceTitle "Corr 2022"]
[Source "ChessBase"]
[SourceDate "2021.10.24"]
[SourceVersion "1"]
[SourceVersionDate "2021.10.24"]
[SourceQuality "1"]

1. e4 c5 2. Nf3 d6 3. d4 cxd4 4. Nxd4 Nf6 5. Nc3 a6 6. Bg5 e6 7. f4 Qb6 8. Qd2 Qxb2 9. Nb3 Qa3 10. Bxf6 gxf6 11. Be2 Bg7 12. 0-0 0-0 13. Kh1 Nc6 14. Rad1 Bd7 15. Rf3 Rac8 16. Rg3 Kh8 17. Bd3 Qb4 18. Rh3 f5 19. exf5 Qxc3 20. Qxc3 Bxc3 21. fxe6 Bxe6 22. Rxh7+ 1-0

[Event "RE-2020-0-00224"]
[Site "LSS email"]
[Date "2020.10.29"]
[Round "?"]
[White "Trevis, Robert R"]
[Black "Zyskowski, Krzysztof"]
[Result "0-1"]
[WhiteElo "1350"]
[BlackElo "1336"]
[PlyCount "32"]
[EventDate "2020.06.07"]
[EventType "tourn (corr)"]
[EventRounds "6"]
[EventCountry "GER"]
[SourceTitle "Corr 2022"]
[Source "ChessBase"]
[SourceDate "2021.10.24"]
[SourceVersion "1"]
[SourceVersionDate "2021.10.24"]
[SourceQuality "1"]

1. Nf3 Nf6 2. d4 d5 3. e3 c5 4. dxc5 e6 5. b4 a5 6. c3 axb4 7. cxb4 b6 8. Qc2 bxc5 9. bxc5 Qa5+ 10. Nc3 Be7 11. a4 Ba6 12. Bxa6 Qxa6 13. Nb5 0-0 14. 0-0 Rc8 15. Ba3 Nbd7 16. Rfc1 Nxc5 0-1

[Event "RE-2020-0-00224"]
[Site "LSS email"]
[Date "2020.10.29"]
[Round "?"]
[White "Zyskowski, Krzysztof"]
[Black "Couspeyre, Thierry"]
[Result "0-1"]
[WhiteElo "1336"]
[BlackElo "1316"]
[PlyCount "42"]
[EventDate "2020.06.07"]
[EventType "tourn (corr)"]
[EventRounds "6"]
[EventCountry "GER"]
[SourceTitle "Corr 2022"]
[Source "ChessBase"]
[SourceDate "2021.10.24"]
[SourceVersion "1"]
[SourceVersionDate "2021.10.24"]
[SourceQuality "1"]

1. e4 e5 2. f4 exf4 3. Nf3 d5 4. exd5 Nf6 5. c4 Bg4 6. Nc3 Be7 7. d4 Nh5 8. Be2 Bh4+ 9. Nxh4 Qxh4+ 10. Kd2 Qf2 11. Qe1 Qe3+ 12. Kc2 Bf5+ 13. Kb3 Qxd4 14. Nb5 Qb6 15. Bxh5+ Kd7 16. Qe5 g6 17. Qxh8 Na6 18. Qxa8 Nc5+ 19. Kc3 Ne4+ 20. Kb4 Qc5+ 21. Kb3 Qf2 0-1

[Event "OP-2020-0-05037"]
[Site "LSS email"]
[Date "2020.10.18"]
[Round "?"]
[White "Zholob, Anatolij"]
[Black "Zyskowski, Krzysztof"]
[Result "1-0"]
[WhiteElo "2052"]
[BlackElo "1302"]
[PlyCount "21"]
[EventDate "2020.10.16"]
[EventType "tourn (corr)"]
[EventRounds "4"]
[EventCountry "GER"]
[SourceTitle "Corr 2024"]
[Source "ChessBase"]
[SourceDate "2023.10.19"]
[SourceVersion "1"]
[SourceVersionDate "2023.10.19"]
[SourceQuality "1"]

1. d4 d5 2. c4 e6 3. Nc3 c6 4. e4 dxe4 5. Nxe4 Bb4+ 6. Bd2 Qxd4 7. Bxb4 Qxe4+ 8. Ne2 Na6 9. Bf8 Ne7 10. Bxg7 Nb4 11. Qd6 1-0

[Event "ZL-2020-0-02275"]
[Site "LSS email"]
[Date "2020.10.07"]
[Round "?"]
[White "Zyskowski, Krzysztof"]
[Black "Legkij, Iljya"]
[Result "0-1"]
[WhiteElo "1260"]
[BlackElo "1140"]
[PlyCount "64"]
[EventDate "2020.09.17"]
[EventType "match (corr)"]
[EventRounds "2"]
[EventCountry "GER"]
[SourceTitle "Corr 2022"]
[Source "ChessBase"]
[SourceDate "2021.10.24"]
[SourceVersion "1"]
[SourceVersionDate "2021.10.24"]
[SourceQuality "1"]

1. e4 e5 2. Nf3 Nc6 3. Bb5 d6 4. d4 exd4 5. Nxd4 Bd7 6. Nc3 Nf6 7. Nxc6 Bxc6 8. Qd3 Bxb5 9. Qxb5+ Nd7 10. Qxb7 Qb8 11. Qc6 Be7 12. Nd5 Bd8 13. b3 Qc8 14. Bb2 0-0 15. 0-0-0 Nb6 16. f3 Nxd5 17. Rxd5 Be7 18. h4 Rd8 19. h5 Qd7 20. Qc3 Bf6 21. Qd2 Bxb2+ 22. Kxb2 Qe6 23. Qc3 Qf6 24. Qxf6 gxf6 25. Rf5 Kg7 26. Rh4 Rg8 27. Rhf4 Rae8 28. Rxf6 Rgf8 29. h6+ Kg8 30. Rg4+ Kh8 31. Rg7 Re7 32. g4 a6 0-1

[Event "RE-2020-0-00223"]
[Site "LSS email"]
[Date "2020.10.06"]
[Round "?"]
[White "Trevis, Robert R"]
[Black "Zyskowski, Krzysztof"]
[Result "0-1"]
[WhiteElo "1233"]
[BlackElo "1249"]
[PlyCount "66"]
[EventDate "2020.05.02"]
[EventType "tourn (corr)"]
[EventRounds "6"]
[EventCountry "GER"]
[SourceTitle "Corr 2022"]
[Source "ChessBase"]
[SourceDate "2021.10.24"]
[SourceVersion "1"]
[SourceVersionDate "2021.10.24"]
[SourceQuality "1"]

1. Nc3 d5 2. e4 d4 3. Nce2 e5 4. Ng3 Be6 5. Nf3 f6 6. Bd3 h5 7. Nh4 Bf7 8. 0-0 Nc6 9. b3 f5 10. Nf3 f4 11. Ne2 g5 12. Bb5 Qf6 13. Bxc6+ bxc6 14. Bb2 0-0-0 15. Ne1 g4 16. Nxd4 exd4 17. Qe2 f3 18. gxf3 c5 19. fxg4 hxg4 20. Qxg4+ Be6 21. Qe2 Bd6 22. f4 Ne7 23. Kh1 Rdg8 24. Rf2 Nf5 25. exf5 Bd5+ 26. Nf3 Qxf5 27. c4 Bc6 28. Rg1 Re8 29. Qxe8+ Rxe8 30. Rg3 Bxf4 31. Rg7 Qh3 32. Kg1 Bxf3 33. Rfg2 Bxg2 0-1

[Event "RN-2020-0-01598"]
[Site "LSS email"]
[Date "2020.10.03"]
[Round "?"]
[White "Hickl, Norbert"]
[Black "Zyskowski, Krzysztof"]
[Result "0-1"]
[WhiteElo "906"]
[BlackElo "800"]
[PlyCount "40"]
[EventDate "2020.05.23"]
[EventType "tourn (corr)"]
[EventRounds "6"]
[EventCountry "GER"]
[SourceTitle "Corr 2022"]
[Source "ChessBase"]
[SourceDate "2021.10.24"]
[SourceVersion "1"]
[SourceVersionDate "2021.10.24"]
[SourceQuality "1"]

1. c4 e5 2. g3 Nf6 3. Bg2 Bc5 4. e3 d5 5. cxd5 Nxd5 6. Nc3 Nxc3 7. dxc3 Qxd1+ 8. Kxd1 a5 9. Nf3 Nc6 10. Ke2 a4 11. Rd1 f5 12. e4 fxe4 13. Nd2 Bg4+ 14. f3 exf3+ 15. Bxf3 Bxf3+ 16. Nxf3 0-0 17. Be3 Bxe3 18. Kxe3 e4 19. Nd4 Ne5 20. Rd2 Nc4+ 0-1

[Event "RN-2020-0-01598"]
[Site "LSS email"]
[Date "2020.10.03"]
[Round "?"]
[White "Lombardi, Donato"]
[Black "Zyskowski, Krzysztof"]
[Result "0-1"]
[WhiteElo "820"]
[BlackElo "800"]
[PlyCount "76"]
[EventDate "2020.05.23"]
[EventType "tourn (corr)"]
[EventRounds "6"]
[EventCountry "GER"]
[SourceTitle "Corr 2022"]
[Source "ChessBase"]
[SourceDate "2021.10.24"]
[SourceVersion "1"]
[SourceVersionDate "2021.10.24"]
[SourceQuality "1"]

1. e4 e5 2. Nf3 Nc6 3. d4 exd4 4. Nxd4 Nf6 5. Nc3 Bb4 6. Nxc6 bxc6 7. Bd3 0-0 8. 0-0 d5 9. exd5 cxd5 10. Bg5 Be6 11. Qf3 h6 12. Bxf6 Qxf6 13. Qxf6 gxf6 14. Ne2 Bd6 15. Rad1 c5 16. Nc3 Be5 17. Be2 Rab8 18. Nxd5 Rxb2 19. Bf3 Rxc2 20. Ne7+ Kg7 21. Be4 Rxa2 22. Nf5+ Bxf5 23. Bxf5 Bd4 24. Bd3 Rb8 25. Rb1 Rxb1 26. Rxb1 Rxf2 27. Kh1 a5 28. h3 a4 29. Bc4 a3 30. Bd5 a2 31. Bxa2 Rxa2 32. Rc1 f5 33. Rc4 f4 34. Rc1 c4 35. Rxc4 Ra1+ 36. Kh2 Bg1+ 37. Kh1 Bf2+ 38. Kh2 Bg3# 0-1

[Event "RN-2020-0-01598"]
[Site "LSS email"]
[Date "2020.10.03"]
[Round "?"]
[White "Zyskowski, Krzysztof"]
[Black "Kuttner, Jaromir"]
[Result "1-0"]
[WhiteElo "800"]
[BlackElo "797"]
[PlyCount "43"]
[EventDate "2020.05.23"]
[EventType "tourn (corr)"]
[EventRounds "6"]
[EventCountry "GER"]
[SourceTitle "Corr 2022"]
[Source "ChessBase"]
[SourceDate "2021.10.24"]
[SourceVersion "1"]
[SourceVersionDate "2021.10.24"]
[SourceQuality "1"]

1. e4 c5 2. d4 cxd4 3. Nf3 Nc6 4. Nxd4 g6 5. c4 Bg7 6. Be3 Nf6 7. Nc3 0-0 8. Be2 e6 9. Ndb5 Nxe4 10. Nxe4 d5 11. cxd5 exd5 12. Ned6 a6 13. Nxc8 axb5 14. Nb6 d4 15. Nxa8 Qxa8 16. Bg5 Ne5 17. 0-0 Nc4 18. Qb3 Nd6 19. Rfe1 Re8 20. Bd3 b6 21. Rxe8+ Qxe8 22. Qd5 1-0

[Event "SN-2020-0-01018"]
[Site "LSS email"]
[Date "2020.09.29"]
[Round "?"]
[White "Bieszk, Stanislaw"]
[Black "Zyskowski, Krzysztof"]
[Result "0-1"]
[WhiteElo "899"]
[BlackElo "800"]
[PlyCount "62"]
[EventDate "2020.04.02"]
[EventType "tourn (corr)"]
[EventRounds "6"]
[EventCountry "GER"]
[SourceTitle "Corr 2022"]
[Source "ChessBase"]
[SourceDate "2021.10.24"]
[SourceVersion "1"]
[SourceVersionDate "2021.10.24"]
[SourceQuality "1"]

1. c4 e5 2. a3 Nf6 3. d3 d5 4. cxd5 Nxd5 5. Nf3 Bd6 6. g3 h6 7. Bg2 c5 8. Nbd2 0-0 9. Nc4 Nc6 10. 0-0 Be6 11. Bd2 Rc8 12. Rb1 b5 13. Nxd6 Qxd6 14. b4 cxb4 15. Bxb4 Ncxb4 16. axb4 Nc3 17. Qd2 e4 18. dxe4 Qxd2 19. Nxd2 Nxb1 20. Rxb1 Rc2 21. Nf3 Rfc8 22. h3 Rc1+ 23. Rxc1 Rxc1+ 24. Kh2 Rb1 25. Nd4 Rxb4 26. Nxe6 fxe6 27. f4 a5 28. f5 a4 29. fxe6 Kf8 30. e5 a3 31. Bd5 Rb2 0-1

[Event "OP-2020-0-05006"]
[Site "LSS email"]
[Date "2020.08.10"]
[Round "?"]
[White "Zyskowski, Krzysztof"]
[Black "Molina, Vicente Andres"]
[Result "1-0"]
[WhiteElo "800"]
[BlackElo "656"]
[PlyCount "57"]
[EventDate "2020.08.05"]
[EventType "tourn (corr)"]
[EventRounds "4"]
[EventCountry "GER"]
[SourceTitle "Corr 2022"]
[Source "ChessBase"]
[SourceDate "2021.10.24"]
[SourceVersion "1"]
[SourceVersionDate "2021.10.24"]
[SourceQuality "1"]

1. e4 d6 2. d4 Nf6 3. Nc3 Nbd7 4. f4 e5 5. Nf3 Be7 6. fxe5 dxe5 7. dxe5 Ng4 8. Bf4 0-0 9. h3 Nh6 10. Qd2 c6 11. 0-0-0 Qa5 12. Kb1 Nc5 13. Bxh6 Be6 14. Nd5 Qxd2 15. Nxe7+ Kh8 16. Bxd2 Nxe4 17. Be1 Rfe8 18. Bd3 Nc5 19. Bb4 Nxd3 20. Rxd3 a5 21. Bc5 b6 22. Bd6 f6 23. Nd4 Bc4 24. Rc3 fxe5 25. Rxc4 c5 26. Ndf5 Rad8 27. Rg4 Rxd6 28. Nxd6 Rxe7 29. Rf1 1-0